| 000 | 02833nam a22003497a 4500 | ||
|---|---|---|---|
| 005 | 20100806140842.0 | ||
| 010 | _aB-408281-291 | ||
| 020 |
_a9788125037750 _c695.00 |
||
| 035 | _aB-408281-291 | ||
| 037 | _bAakar Books | ||
| 082 | _a791.4360954 | ||
| 100 |
_aHood, John W. _97729 |
||
| 245 |
_aThe essential mystery: _bmajor filmmakers of Indian art cinema / _cby John W. Hood |
||
| 250 | _a2nd rev. and enl.ed. | ||
| 260 |
_aNew Delhi _bOrient Blackswan _c2009 |
||
| 270 |
_a1/24, Asaf Ali Road, _bNew Delhi _e110002 |
||
| 300 |
_ax, 631p. _c23cm(pbk) |
||
| 500 | _aIncludes index | ||
| 942 |
_2ddc _cEN _mHOO _h791.4360954 |
||
| 999 |
_c34934 _d34934 |
||